UBT Library

Understanding Civil War - Europe, Central Asia, and Other Regions / (Record no. 532)

000 -LEADER
fixed length control field 00618nam a22001937a 4500
008 - FIXED-LENGTH DATA ELEMENTS--GENERAL INFORMATION
fixed length control field 141024b xxu||||| |||| 00| 0 eng d
020 ## - INTERNATIONAL STANDARD BOOK NUMBER
International Standard Book Number 0821360493
041 0# - LANGUAGE CODE
Language code of text/sound track or separate title eng
080 ## - UNIVERSAL DECIMAL CLASSIFICATION NUMBER
Universal Decimal Classification number 355.425
Common auxiliary subdivision (4+5)
100 ## - Rafti
Rafti Collier, Paul
245 ## - TITLE STATEMENT
Title Understanding Civil War - Europe, Central Asia, and Other Regions /
260 ## -
-- Washington :
-- World Bank Publications ;
-- 2005.
300 ## -
-- 349 f.:
-- me il. ;
-- 23 cm.
440 ## -
-- Volume 2: Europe, Central Asia, and Other Regions
500 ## -
-- Preface: f. XIII-XV
505 ## -
-- Index: f. 335-349
650 #0 -
-- Lufta
-- Afrika
942 ## - ADDED ENTRY ELEMENTS (KOHA)
Source of classification or shelving scheme
Item type Books
Holdings
Withdrawn status Lost status Source of classification or shelving scheme Damaged status Not for loan Collection code Permanent location Current location Shelving location Date acquired Total Checkouts Full call number Barcode Date last seen Koha item type
          Koleksioni i përgjithshem UBT - Prishtine UBT - Prishtine Koleksioni i përgjithshem 10/24/2014   355.425 (4+5) UND 001-000786 10/24/2014 Books
UBT Library © 2015-2024. All rights reserved University Education for Business and Technology